Солнечные капли (Запис номер 143483)
[ съкратено ]
| 000 -Лидер | |
|---|---|
| Контролно поле с фиксирана дължина | nam a22 a 4500 |
| 003 - Код на организацията, давaща контролен номер | |
| Контролно поле | BLK |
| 005 - Дата и час на последна редакция | |
| Контролно поле | 20230119173711.0 |
| 008 - Елементи от данни с фиксирана дължина | |
| fixed length control field | 180409b bul|||||r ||||||| ||bul|| |
| 010 ## - Наследен системен номер | |
| LC control number | KNG00149606000 |
| 040 ## - Източник на каталожния запис | |
| Идентификатор на билиотеката - собственик на записа | BLK |
| 041 ## - Код за език | |
| Код за езика на текст/звукозапис или на отделно заглавие | Руски |
| Код за езика КДБФ | Руски |
| 080 ## - УДК | |
| Текстов определител УДК | Българска литература |
| УДК код - определител по УДК | 821.163.2 |
| УДК определител | -93-1 |
| УДК - код + определител | 821.163.2-93-1 |
| 100 1# - Редна дума - Автор | |
| Автор | Станчев, Лучезар Дончев |
| Авторска отговорност | първи автор |
| R(LIN) | 379730 |
| 139 ## - Редно поле | |
| Редна дума | Станчев, Лучезар Дончев |
| Авторски знак | Станч - С 70 |
| 245 10 - Сведения за заглавието | |
| Заглавие | Солнечные капли |
| Подзаглавни данни | Стихотоврения за деца |
| Редно поле (дума) | Лучезар Дончев Станчев; * Лъчезар Дончев Станчев; пер. с болг. Леонард Кондрашенко; пер. с болг. Елена Андреева; худож. Стоян Илиев; с предг. от Николай Янков. |
| 257 ## - Страна на издаване | |
| Страна на създаване/издаване | България |
| 260 ## - Област на издателските данни | |
| Място на издаване, разпространение и проч. | София |
| Име на издателя, разпространителя и проч. | София-пресс |
| Година на издаване | 1977 |
| Печатница | София : ГТ Балкан |
| 300 ## - Физическа характеристика | |
| Страници | 125 с. |
| Илюстрации и др. | с ил. |
| Размери/Мащаб | 21 см |
| 380 ## - Жанр | |
| Жанр | Детска худож. лит. |
| 500 ## - Общи забележки | |
| Забележка | Ориг. загл. Слънчеви капки. - 31 200 тир. |
| 653 ## - Ключова дума – ненормативна | |
| Ключова дума | детска литература |
| 653 ## - Ключова дума – ненормативна | |
| Ключова дума | литература за деца |
| 700 1# - Други автори (авторска отговорност) | |
| Лично име | Станчев, Лъчезар Дончев |
| Автороска отговорност (Описва отношението между автора и произведението) | * |
| 9 (RLIN) | 365631 |
| 700 1# - Други автори (авторска отговорност) | |
| Лично име | Кондрашенко, Леонард |
| Автороска отговорност (Описва отношението между автора и произведението) | пер. с болг. |
| 9 (RLIN) | 327996 |
| 700 1# - Други автори (авторска отговорност) | |
| Лично име | Андреева, Елена |
| 9 (RLIN) | 415616 |
| 700 1# - Други автори (авторска отговорност) | |
| Лично име | Илиев, Стоян |
| Автороска отговорност (Описва отношението между автора и произведението) | худож. |
| 9 (RLIN) | 363990 |
| 700 1# - Други автори (авторска отговорност) | |
| Лично име | Янков, Николай |
| Автороска отговорност (Описва отношението между автора и произведението) | с предг. от |
| 9 (RLIN) | 364665 |
| 852 ## - Местоположение | |
| Форматна сигнатура | Цб 262461 |
| 856 4# - Електронен адрес и достъп | |
| Електронен формат | pdf - файл |
| Инструкция (цена за достъп) | 0.35 |
| Права за достъп | disable |
| 856 4# - Електронен адрес и достъп | |
| Електронен формат | pdf - файл |
| Инструкция (цена за достъп) | 0.35 |
| Права за достъп | disable |
| 999 ## - СИСТЕМНИ КОНТРОЛНИ НОМЕРА | |
| Koha biblionumber | 143483 |
| Koha biblioitemnumber | 143483 |
| 942 ## - АРТИКУЛИ | |
| Вид на библиотечния материал | Книги |
| Скрит в OPAC | Не |
| Периодичен библиозапис | Да |
| 944 ## - СЪЗДАВАНЕ И РЕДАКЦИЯ на ЗАПИСА | |
| Създаване/Редакция | Създаване |
| Дата на регистрацията/редакция | 20.08.2013 |
| Статус, дата на статуса | 20.08.2013 - от С1,Р / 20.08.2013 |
| Служител, извършил регистрацията/редакцията | Симона_Петрова |
| 944 ## - СЪЗДАВАНЕ И РЕДАКЦИЯ на ЗАПИСА | |
| Създаване/Редакция | Редакция |
| Дата на регистрацията/редакция | 20.08.2013 |
| Статус, дата на статуса | 20.08.2013 - от С1,Р / 20.08.2013 |
| 999 ## - СИСТЕМНИ КОНТРОЛНИ НОМЕРА | |
| Koha biblioitemnumber | 143483 |
| Код за отписване | Код за изгубен артикул | Източник на класификационната схема | Код за повреда | Коз за рестрикции | Код за отдаване | Артикулен № | Име на библиотеката - собственик | Име на библиотеката, в която се намира в момента | Статус (Текущо местоположение) | Дата на вписване в системата | Местоположение - отдел | Цена в лева | Инвентарен номер | Систематично азбучна сигнатура | Баркод | Номер на екземпляра | Цена в евро | Служебна бележка | Служебен тип на артикула |
|---|---|---|---|---|---|---|---|---|---|---|---|---|---|---|---|---|---|---|---|
| Не е изгубен | Universal Decimal Classification | Не е повреден | без рестрикции | ползва се в читалня | 238232 | Регионална библиотека "Любен Каравелов" Русе | Регионална библиотека "Любен Каравелов" Русе | Хранилище | 1977-01-01 | Хранилище | 0.33 | 230365 | Цб 262461 | 120000230365 | 1 | 0.17 | N: стар фонд Дата: 01.01.1977 | Книги |